000 00798nas a2200253Ia 4500
001 R109/44562
003 IT-RoPAU
008 151124c99999999xx |||||||||||| ||und||
040 _aIT-RoPAU
040 _cIT-RoPAU
041 _aFRANCESE
100 _aD'Arcy Jean
_gCodice Aut. SPICS: 17764
210 _aCOMMUNICATIONS
222 _aCommunications
245 _aCOMMUNICATIONS, N.21 (1974)
_bUn Nouveau Medium
250 _a1a ed.
260 _aPARIS
_bSEUIL
_c1974
501 _bPaulus - SPICS - Società San Paolo EM (non-commercial uses only)
_cCopyright2015
300 _a12 p. [9-20]
362 _aN.21 (1974)
500 _aNuovo-Mezzo Televisione-Via-Cavo Rivoluzione-Delle-Comunicazioni Comunicazione-Sociale
650 _aCOMUNICAZIONE
_vPUBBLICAZIONE PERIODICA
942 _cCR
999 _c197036
_d197036